000 00629nam a2200193 4500
999 _c171162
_d171162
005 20200107165652.0
010 _aENG-127289
020 _a9789386519085
_c315.00
035 _aEN-110821
037 _bDBAD/PUB
082 _a579
100 _aMani,A
245 _aMicrobiology :
_cby A.Mani ...[et.,all]
_bGeneral and Applied /
260 _aNew Delhi
_bSaras Publishers
_c2018
270 _a114/35GA.R.P Camp Road periavilai,Kottar P.O Nagercoil Kanyakumari Dist
_bTamil Nadu
_e629002
_minfo@saraspublication.com
300 _aXX,526p.
_c23cm(pbk)
500 _ainclude index
942 _2ddc
_cEN
_h579
_mMAN